[Event "Edinburgh Allegro op"]
[Site "Edinburgh"]
[Date "2023.08.05"]
[Round "2"]
[White "Leah, Tom"]
[Black "Paul, Rabindra"]
[Result "1-0"]
[WhiteElo "1881"]
[BlackElo "1803"]
[PlyCount "57"]
[EventDate "2023.08.05"]
[EventType "swiss (rapid)"]
[EventRounds "5"]
[EventCountry "SCO"]
[SourceTitle "CBM 215 Extra"]
[Source "ChessBase"]
[SourceDate "2023.09.30"]
[SourceVersion "1"]
[SourceVersionDate "2023.09.30"]
[SourceQuality "1"]

1. e4 c6 2. d4 d5 3. e5 c5 4. dxc5 e6 5. a3 Bxc5 6. b4 Be7 7. Nf3 Nd7 8. Bb2 Nh6 9. Bd3 0-0 10. 0-0 f6 11. Qe2 fxe5 12. Nxe5 Nxe5 13. Bxe5 Nf7 14. Qh5 Nh6 15. Nd2 Bd7 16. c4 Qe8 17. Qe2 Bf6 18. Nf3 Qh5 19. Rae1 Rae8 20. h3 dxc4 21. Bxc4 Bc6 22. Nd4 Qxe2 23. Rxe2 Bd5 24. Bxd5 exd5 25. Rfe1 Bd8 26. Bd6 Rxe2 27. Rxe2 Bb6 28. Bxf8 Bxd4 29. Bc5 1-0

[Event "Edinburgh Allegro op"]
[Site "Edinburgh"]
[Date "2023.08.05"]
[Round "1"]
[White "Vadalia, Jainill"]
[Black "Leah, Tom"]
[Result "1-0"]
[WhiteElo "1619"]
[BlackElo "1881"]
[PlyCount "113"]
[EventDate "2023.08.05"]
[EventType "swiss (rapid)"]
[EventRounds "5"]
[EventCountry "SCO"]
[SourceTitle "CBM 215 Extra"]
[Source "ChessBase"]
[SourceDate "2023.09.30"]
[SourceVersion "1"]
[SourceVersionDate "2023.09.30"]
[SourceQuality "1"]

1. d4 d5 2. c4 e6 3. Nc3 Nf6 4. cxd5 exd5 5. Bg5 c6 6. e3 h6 7. Bh4 Be7 8. h3 0-0 9. Bd3 Re8 10. Nf3 Ne4 11. Bxe7 Qxe7 12. 0-0 Bf5 13. Ne5 Nd7 14. Bxe4 dxe4 15. Nxd7 Bxd7 16. Rc1 Qg5 17. Kh2 Rad8 18. Qc2 Bf5 19. Ne2 h5 20. Qb3 Qe7 21. Nf4 h4 22. Rc5 g6 23. Rfc1 Be6 24. Nxe6 Qxe6 25. Qxb7 Rb8 26. Qxc6 Qxc6 27. Rxc6 Rxb2 28. R1c2 Reb8 29. g3 g5 30. Kg2 Kg7 31. Rxb2 Rxb2 32. Ra6 Rb7 33. gxh4 gxh4 34. a3 Rc7 35. Ra5 Kg6 36. Rc5 Rb7 37. d5 Kf6 38. Rc6+ Ke7 39. Rh6 Rb5 40. Rxh4 Rxd5 41. Rxe4+ Kf6 42. Ra4 a5 43. f4 Rb5 44. Kf3 Kg6 45. Rd4 Rh5 46. Kg4 Rb5 47. a4 Rc5 48. h4 f6 49. e4 Kg7 50. Rd5 Rc4 51. Rxa5 Rxe4 52. Kf5 Rb4 53. Ra7+ Kg8 54. a5 Ra4 55. a6 Rb4 56. Rb7 Ra4 57. a7 1-0

[Event "SCO-ch op 128th"]
[Site "Dunfermline"]
[Date "2023.07.08"]
[Round "3"]
[White "Leah, Tom"]
[Black "Wynarczyk, Raymond"]
[Result "1-0"]
[WhiteElo "1983"]
[BlackElo "1699"]
[PlyCount "109"]
[EventDate "2023.07.07"]
[EventType "swiss"]
[EventRounds "5"]
[EventCountry "SCO"]
[SourceTitle "CBM 215 Extra"]
[Source "ChessBase"]
[SourceDate "2023.09.30"]
[SourceVersion "1"]
[SourceVersionDate "2023.09.30"]
[SourceQuality "1"]

1. e4 d6 2. d4 Nf6 3. Nc3 Nbd7 4. Nf3 e5 5. Bc4 Be7 6. 0-0 0-0 7. Re1 c6 8. a4 Nb6 9. Bb3 exd4 10. Qxd4 Bg4 11. Qd3 Nbd7 12. Qe3 Ne5 13. Nxe5 dxe5 14. Qg3 Bb4 15. Bg5 Bxc3 16. bxc3 Bh5 17. Qxe5 Re8 18. Bxf6 Rxe5 19. Bxd8 Rxd8 20. f3 Re7 21. Rad1 Red7 22. Rxd7 Rxd7 23. Kf2 Kf8 24. Ke2 f6 25. Rd1 Ke7 26. Rxd7+ Kxd7 27. Ke3 Kd6 28. Kf4 Be8 29. Bg8 h6 30. Kf5 a5 31. f4 b5 32. e5+ fxe5 33. fxe5+ Ke7 34. Bb3 g6+ 35. Ke4 c5 36. axb5 Bxb5 37. Kd5 a4 38. Ba2 Bd7 39. Kxc5 Bf5 40. Kb4 Bxc2 41. Bd5 Kd7 42. g3 g5 43. Bg8 h5 44. Bc4 h4 45. Bb5+ Ke6 46. Bxa4 Be4 47. Kc5 Kxe5 48. Bc6 h3 49. c4 Bg2 50. Bd5 Kf5 51. Kd4 Kg4 52. Be4 Bf1 53. c5 Ba6 54. c6 Kh5 55. Bf5 1-0

[Event "Perth op-A"]
[Site "Perth"]
[Date "2023.04.22"]
[Round "3"]
[White "Leah, Tom"]
[Black "Vijayakumar, Rishi"]
[Result "1/2-1/2"]
[WhiteElo "1956"]
[BlackElo "1846"]
[PlyCount "103"]
[EventDate "2023.04.21"]
[EventType "swiss"]
[EventRounds "5"]
[EventCountry "SCO"]
[SourceTitle "EXT 2024"]
[Source "ChessBase"]
[SourceDate "2023.10.10"]
[SourceVersion "1"]
[SourceVersionDate "2023.10.10"]
[SourceQuality "1"]

1. d4 Nf6 2. c4 e6 3. Nc3 Bb4 4. f3 c5 5. d5 d6 6. e4 b5 7. Bd2 Bxc3 8. Bxc3 bxc4 9. Bxc4 0-0 10. Ne2 Ba6 11. b3 Qe7 12. Qd3 Bxc4 13. bxc4 Nbd7 14. 0-0 exd5 15. cxd5 Ne5 16. Qa6 Rab8 17. Rab1 Ned7 18. Ba5 Rfc8 19. Rxb8 Rxb8 20. Bc7 Rb2 21. Bxd6 Qe8 22. Qd3 Rxa2 23. Nc3 Ra3 24. Qc4 Qc8 25. Rc1 Ne8 26. Bg3 Qa6 27. Qxa6 Rxa6 28. Nb5 Ra5 29. Nd6 Nxd6 30. Bxd6 Rb5 31. Ra1 Rb7 32. Ra5 c4 33. Ra3 g6 34. Kf2 h5 35. Ke3 f6 36. Kd4 Rb6 37. Bc5 Rb3 38. Rxb3 cxb3 39. Ba3 a5 40. Kc4 f5 41. Bb2 fxe4 42. fxe4 a4 43. Kb4 Nb6 44. Kc5 Nd7+ 45. Kd4 Kf7 46. e5 Nb6 47. e6+ Ke7 48. Ba3+ Kf6 49. Kc5 Nc8 50. Kb5 Ke5 51. Kxa4 Kxd5 52. Kxb3 1/2-1/2

[Event "Edinburgh Park op"]
[Site "Edinburgh"]
[Date "2023.03.04"]
[Round "2"]
[White "Boggarapu, Kritan"]
[Black "Leah, Tom"]
[Result "0-1"]
[WhiteElo "1670"]
[BlackElo "1892"]
[PlyCount "144"]
[EventDate "2023.03.04"]
[EventType "swiss"]
[EventRounds "5"]
[EventCountry "SCO"]
[SourceTitle "CBM 213 Extra"]
[Source "ChessBase"]
[SourceDate "2023.05.31"]
[SourceVersion "1"]
[SourceVersionDate "2023.05.31"]
[SourceQuality "1"]

1. e4 e5 2. Nf3 Nc6 3. Bc4 Nf6 4. d3 Be7 5. 0-0 0-0 6. Re1 d6 7. h3 Na5 8. Na3 c5 9. c3 g6 10. Bh6 Re8 11. d4 cxd4 12. Bb5 Nc6 13. cxd4 Bd7 14. Rc1 Bf8 15. Bg5 Bg7 16. Qd2 a6 17. Bc4 Nxd4 18. Nxd4 exd4 19. Qxd4 Nxe4 20. Qxg7+ Kxg7 21. Bxd8 Raxd8 22. Bd5 Nc5 23. Rxe8 Rxe8 24. Nc4 Be6 25. Nxd6 Rd8 26. Bxe6 Nxe6 27. Nxb7 Rb8 28. Nc5 Nxc5 29. Rxc5 Rxb2 30. Ra5 Rb6 31. f4 Kf6 32. Kf2 Re6 33. g4 Ke7 34. Kf3 Kd7 35. f5 Rd6 36. Ke4 f6 37. Rd5 g5 38. Kd4 Kc6 39. Rxd6+ Kxd6 40. a4 a5 41. Kc4 Kc6 42. Kd4 Kd6 43. Kc4 Kc6 44. Kb3 Kc5 45. Kc3 h6 46. Kd3 Kb4 47. Kd4 Kxa4 48. Kc4 Ka3 49. Kc3 a4 50. Kc2 Kb4 51. Kb2 a3+ 52. Ka2 Ka4 53. Ka1 Kb3 54. Kb1 a2+ 55. Ka1 Kc3 56. Kxa2 Kd3 57. Kb3 Ke3 58. Kc2 Kf3 59. Kd3 Kg3 60. Ke4 Kxh3 61. Kf3 Kh4 62. Kf2 Kxg4 63. Kg2 Kxf5 64. Kh3 Kf4 65. Kh2 Kf3 66. Kh1 g4 67. Kg1 f5 68. Kf1 g3 69. Kg1 g2 70. Kh2 Kf2 71. Kh3 g1Q 72. Kh4 Qg4# 0-1

[Event "Edinburgh Park op"]
[Site "Edinburgh"]
[Date "2023.03.04"]
[Round "5"]
[White "Leah, Tom"]
[Black "Gera, Marvin"]
[Result "0-1"]
[WhiteElo "1892"]
[BlackElo "1842"]
[PlyCount "90"]
[EventDate "2023.03.04"]
[EventType "swiss"]
[EventRounds "5"]
[EventCountry "SCO"]
[SourceTitle "CBM 213 Extra"]
[Source "ChessBase"]
[SourceDate "2023.05.31"]
[SourceVersion "1"]
[SourceVersionDate "2023.05.31"]
[SourceQuality "1"]

1. e4 c6 2. d4 d5 3. e5 Bf5 4. Nf3 e6 5. Be2 c5 6. Be3 Qb6 7. Nc3 Nc6 8. 0-0 c4 9. b3 cxb3 10. axb3 Nb4 11. Rc1 Rc8 12. Na4 Qd8 13. c3 Nc6 14. c4 Ba3 15. Ra1 Bb4 16. Bd2 Bxd2 17. Qxd2 b6 18. Nc3 Na5 19. Nb5 Kf8 20. Qb4+ Ne7 21. Nd6 Rc7 22. Rfc1 Nac6 23. Qd2 h6 24. c5 Kg8 25. b4 Be4 26. Ra3 g6 27. Qf4 Nf5 28. Nxf5 exf5 29. b5 Nb8 30. c6 Qe7 31. Rca1 Kg7 32. e6 f6 33. h3 a6 34. bxa6 Nxc6 35. Bb5 Bxf3 36. Qxf3 Nxd4 37. Qxd5 Nc2 38. a7 Nxa3 39. a8Q Rxa8 40. Qxa8 Nxb5 41. Rd1 Qxe6 42. Rd8 Rc1+ 43. Kh2 Nc7 44. Qb8 Rc2 45. Rh8 Qe5+ 0-1

[Event "Edinburgh Park op"]
[Site "Edinburgh"]
[Date "2023.03.04"]
[Round "1"]
[White "Leah, Tom"]
[Black "McDiarmid, Euan"]
[Result "1-0"]
[WhiteElo "1892"]
[BlackElo "1598"]
[PlyCount "45"]
[EventDate "2023.03.04"]
[EventType "swiss"]
[EventRounds "5"]
[EventCountry "SCO"]
[SourceTitle "CBM 213 Extra"]
[Source "ChessBase"]
[SourceDate "2023.05.31"]
[SourceVersion "1"]
[SourceVersionDate "2023.05.31"]
[SourceQuality "1"]

1. e4 e6 2. d4 d5 3. Nc3 Nf6 4. e5 Nfd7 5. f4 c5 6. Nf3 Nc6 7. Be3 Qb6 8. Na4 Qa5+ 9. c3 cxd4 10. b4 Qc7 11. Nxd4 Nxd4 12. Bxd4 a6 13. Bd3 b5 14. Nb2 Nb6 15. 0-0 Nc4 16. Nxc4 dxc4 17. Be4 Bb7 18. Qf3 Bxe4 19. Qxe4 Rd8 20. a4 g6 21. axb5 axb5 22. Ra7 Qb8 23. Qc6+ 1-0

[Event "South Normanton 4NCL op 23rd"]
[Site "South Normanton"]
[Date "2019.10.06"]
[Round "5"]
[White "Barnes, Michael"]
[Black "Leah, Tom"]
[Result "1/2-1/2"]
[WhiteElo "2164"]
[BlackElo "1841"]
[PlyCount "59"]
[EventDate "2019.10.04"]
[EventType "swiss"]
[EventRounds "5"]
[EventCountry "ENG"]
[SourceTitle "CBM 192 Extra"]
[Source "Chessbase"]
[SourceDate "2019.11.06"]
[SourceVersion "1"]
[SourceVersionDate "2019.11.06"]
[SourceQuality "1"]

1. d4 Nf6 2. Nf3 d5 3. c4 e6 4. g3 Be7 5. Bg2 0-0 6. 0-0 dxc4 7. Qc2 a6 8. a4 Bd7 9. Ne5 Bc6 10. Nxc6 Nxc6 11. e3 Na5 12. Nd2 c5 13. dxc5 Rc8 14. b4 cxb3 15. Nxb3 Nxb3 16. Qxb3 Rxc5 17. Qxb7 a5 18. Ba3 Rc7 19. Qb5 Bxa3 20. Rxa3 Qe7 21. Rd3 Rc5 22. Qb6 Rfc8 23. Rfd1 h6 24. Bf3 Qc7 25. Rd8+ Kh7 26. Qb1+ g6 27. Rxc8 Qxc8 28. Qb6 Qc7 29. Rd6 Qxb6 30. Rxb6 1/2-1/2